London plan: a growth platform on shifting sands (Record no. 72149)

MARC details
000 -LEADER
fixed length control field 01542cam a2200265 4500
001 - CONTROL NUMBER
control field ABS66458
008 - FIXED-LENGTH DATA ELEMENTS--GENERAL INFORMATION
fixed length control field 030225n2003 000 0 eng u
035 ## - SYSTEM CONTROL NUMBER
System control number (Sirsi) u121421
100 ## - MAIN ENTRY--PERSONAL NAME
Personal name Damesick, P.
245 ## - TITLE STATEMENT
Title London plan: a growth platform on shifting sands
260 ## - PUBLICATION, DISTRIBUTION, ETC.
Date of publication, distribution, etc. 2003
490 ## - SERIES STATEMENT
Series statement Estates Gazette
Volume/sequential designation (0307) 15 February 2003, 126-128(3)
520 ## - SUMMARY, ETC.
Summary, etc. Presents the findings of research by Insignia Richard Ellis into the feasibility of the Draft London Plan (DLP). In particular, questions expectations for office demand growth in the DLP and whether these are in line with plans for transport and housing in London. With regards to transport, points out that Thameslink 2000, the east-west Crossrail and the East London Line extension are subject to uncertainty and delay. Also looks at population growth forecasts and affordable housing provision, the effect of proposed planning obligations on developers, employment projections and office demand, the DLP strategy for the location of future office supply and the composition of demand and how the London economy has fundamentally changed since 2000.
590 ## - LOCAL NOTE (RLIN)
Local note ABS
650 ## - SUBJECT ADDED ENTRY--TOPICAL TERM
Topical term or geographic name entry element LONDON PLAN
650 ## - SUBJECT ADDED ENTRY--TOPICAL TERM
Topical term or geographic name entry element OFFICE SPACE
650 ## - SUBJECT ADDED ENTRY--TOPICAL TERM
Topical term or geographic name entry element PROPERTY-COMMERCIAL PROPERTY-OFFICE PROPERTY-OFFICE PROPERTY MARKET
650 ## - SUBJECT ADDED ENTRY--TOPICAL TERM
Topical term or geographic name entry element OFFICE DEMAND
650 ## - SUBJECT ADDED ENTRY--TOPICAL TERM
Topical term or geographic name entry element RAIL SCHEMES
650 ## - SUBJECT ADDED ENTRY--TOPICAL TERM
Topical term or geographic name entry element TRANSPORT INFRASTRUCTURE
650 ## - SUBJECT ADDED ENTRY--TOPICAL TERM
Topical term or geographic name entry element PLANNING OBLIGATIONS
650 ## - SUBJECT ADDED ENTRY--TOPICAL TERM
Topical term or geographic name entry element EMPLOYMENT TRENDS
690 ## - LOCAL SUBJECT ADDED ENTRY--TOPICAL TERM (OCLC, RLIN)
Topical term or geographic name as entry element ENVIRONMENTAL AND LAND CONSULTANCY-PLANNING AND DEVELOPMENT
942 ## - ADDED ENTRY ELEMENTS (KOHA)
Suppress in OPAC 0
Holdings
Withdrawn status Lost status Source of classification or shelving scheme Damaged status Not for loan Home library Current library Shelving location Date acquired Total Checkouts Full call number Barcode Date last seen Copy number Price effective from Koha item type
    Dewey Decimal Classification     London London Journal article 25/02/2003   ABS66458 121421-1001 06/08/2019 1 06/08/2019 Journal article